| 000 -LEADER |
| fixed length control field |
00963nam a2200217Ia 4500 |
| 001 - CONTROL NUMBER |
| control field |
13158 |
| 003 - CONTROL NUMBER IDENTIFIER |
| control field |
GE_BSU |
| 008 - FIXED-LENGTH DATA ELEMENTS--GENERAL INFORMATION |
| fixed length control field |
181216s||||||||xx |||||||||||||| ||und|| |
| 040 ## - CATALOGING SOURCE |
| Transcribing agency |
GE_BSU |
| 080 ## - UNIVERSAL DECIMAL CLASSIFICATION NUMBER |
| Universal Decimal Classification number |
631.8 |
| 245 ## - TITLE STATEMENT |
| Title |
Влияние длительного применения удобрении на плодородие почвы и продуктивность севооборотов |
| 245 ## - TITLE STATEMENT |
| Remainder of title |
Результаты многолетних опытов научно исследовательских учреждении |
| 245 ## - TITLE STATEMENT |
| Statement of responsibility, etc. |
Ред.колл.П.Г.Наидин. Ред.В.В. Блохина |
| 260 ## - PUBLICATION, DISTRIBUTION, ETC. |
| Place of publication, distribution, etc. |
Москва |
| 260 ## - PUBLICATION, DISTRIBUTION, ETC. |
| Name of publisher, distributor, etc. |
Колос |
| 260 ## - PUBLICATION, DISTRIBUTION, ETC. |
| Date of publication, distribution, etc. |
1964 |
| 300 ## - PHYSICAL DESCRIPTION |
| Extent |
400стр.20см. |
| 300 ## - PHYSICAL DESCRIPTION |
| Dimensions |
Библиогр.с.397-399 |
| 653 ## - INDEX TERM--UNCONTROLLED |
| Uncontrolled term |
Влияние длительного применения удобрении на плодородие почвы и продуктивность севооборотов |
| 942 ## - ADDED ENTRY ELEMENTS (KOHA) |
| Koha item type |
წიგნი |